000
00249nam a22001097a 4500
003
SGT
082
_b
I16N
100
_a
NEON, KONGPUSH PUB.
245
_a
INDIAN PHARMACY REFERENCE GUIDE 2016-17
260
_b
KONGPUSH PUBLISHER
_c
2016
942
_2
ddc
_c
BK
999
_c
18484
_d
18484